[Event "XI Open Amateur de Calvia"]
[Site "Calvia - Mallorca"]
[Date "2014.10.04"]
[Round "1"]
[Board "1"]
[White "Sorm, Daniel"]
[Black "Cemborain Oricain, Alfonso"]
[Result "1-0"]
[WhiteElo "2315"]
[BlackElo "1896"]
[PlyCount "53"]
[EventDate "2014.10.04"]
[EventRounds "9"]
[EventCountry "ESP"]

1. d4 d5 2. c4 c6 3. Nf3 Nf6 4. Nc3 dxc4 5. g3 Bf5 6. Bg2 e6 7. Ne5 Nbd7 8.
Nxc4 Be7 9. O-O O-O 10. e4 Bg6 11. Be3 b5 12. Nd2 b4 13. Na4 Qa5 14. b3 Qb5 15.
Re1 Rfd8 16. Bf1 Qb7 17. f3 Rac8 18. Rc1 Ne8 19. Qe2 Nc7 20. Nc4 Nb5 21. Na5
Qa6 22. Nxc6 Rxc6 23. Qxb5 Qxb5 24. Bxb5 Rxc1 25. Rxc1 f5 26. Rc7 Be8 27. Bc4
 1-0

[Event "XI Open Amateur de Calvia"]
[Site "Calvia - Mallorca"]
[Date "2014.10.04"]
[Round "1"]
[Board "2"]
[White "Rodriguez Garcia, Jesus"]
[Black "Garcia Del Rey, Senen"]
[Result "1-0"]
[WhiteElo "1895"]
[BlackElo "2298"]
[PlyCount "64"]
[EventDate "2014.10.04"]
[EventRounds "9"]
[EventCountry "ESP"]

1. Nf3 c5 2. c4 g6 3. Nc3 Bg7 4. d4 cxd4 5. Nxd4 Nc6 6. e3 Nf6 7. Be2 O-O 8. b3
d5 9. Bb2 Nxd4 10. exd4 dxc4 11. bxc4 Qb6 12. Na4 Qa5+ 13. Bc3 Qg5 14. h4 Qf4
15. Nc5 Rd8 16. g3 Qc7 17. h5 e5 18. hxg6 hxg6 19. Bf3 exd4 20. Bb4 Re8+ 21.
Kf1 Nd7 22. Nd3 Qxc4 23. Rc1 Qxa2 24. Nf4 Ne5 25. Bd5 Qa6+ 26. Kg2 Bf5 27. Qb3
Be6 28. Rc7 Bxd5+ 29. Nxd5 Qe6 30. Re7 Qf5 31. Re1 Bf8 32. R1xe5 Bg7 1-0

[Event "XI Open Amateur de Calvia"]
[Site "Calvia - Mallorca"]
[Date "2014.10.04"]
[Round "1"]
[Board "3"]
[White "Longa Yauca, Javier"]
[Black "Mansour, Abbas"]
[Result "1-0"]
[WhiteElo "2277"]
[BlackElo "1891"]
[PlyCount "53"]
[EventDate "2014.10.04"]
[EventRounds "9"]
[EventCountry "ESP"]

1. d4 d5 2. Nf3 c5 3. e3 Nc6 4. b3 Nf6 5. Bb2 e6 6. a3 Be7 7. Bd3 O-O 8. Nbd2
b6 9. O-O Bb7 10. Qe2 Rc8 11. c4 cxd4 12. exd4 Re8 13. Rac1 Qd6 14. c5 Qf4 15.
b4 Nb8 16. Rfe1 Rc7 17. g3 Qh6 18. Ne5 Nfd7 19. Bb5 Nxe5 20. Bxe8 Ng4 21. Qxg4
Qxd2 22. Bxf7+ Kxf7 23. Qxe6+ Kf8 24. cxb6 Bc8 25. Qe5 Rxc1 26. Qxe7+ Kg8 27.
Qe8# 1-0

[Event "XI Open Amateur de Calvia"]
[Site "Calvia - Mallorca"]
[Date "2014.10.04"]
[Round "1"]
[Board "4"]
[White "Garrido Lluy, Javier"]
[Black "Galiana Salom, Juan Ramon"]
[Result "0-1"]
[WhiteElo "1874"]
[BlackElo "2263"]
[PlyCount "70"]
[EventDate "2014.10.04"]
[EventRounds "9"]
[EventCountry "ESP"]

1. e4 e6 2. d4 d5 3. Nd2 Nf6 4. e5 Nfd7 5. c3 c5 6. Ngf3 Nc6 7. Nb3 a5 8. Bg5
Qc7 9. Be2 a4 10. Nbd2 cxd4 11. cxd4 Qb6 12. O-O Nxd4 13. Nxd4 Qxd4 14. Qc2 Qc5
15. Qxc5 Bxc5 16. Nf3 O-O 17. Rac1 b6 18. a3 Ba6 19. Rfe1 Bxe2 20. Rxe2 f6 21.
exf6 gxf6 22. Bh6 Rfe8 23. h3 Kf7 24. Bf4 e5 25. Bd2 e4 26. Nh4 Ne5 27. Nf5 Nd3
28. Rxc5 bxc5 29. Nd6+ Ke6 30. Nxe8 Rxe8 31. Bc3 Rg8 32. g4 h5 33. Kh2 hxg4 34.
hxg4 Rxg4 35. f3 Rh4+ 0-1

[Event "XI Open Amateur de Calvia"]
[Site "Calvia - Mallorca"]
[Date "2014.10.04"]
[Round "1"]
[Board "5"]
[White "Gromovs, Sergejs"]
[Black "Lim, Mark"]
[Result "1-0"]
[WhiteElo "2243"]
[BlackElo "1869"]
[PlyCount "67"]
[EventDate "2014.10.04"]
[EventRounds "9"]
[EventCountry "ESP"]

1. d4 Nf6 2. Nf3 e6 3. c4 Bb4+ 4. Nbd2 d5 5. Qa4+ Nc6 6. e3 Bd7 7. Qc2 Ne4 8.
a3 Bxd2+ 9. Nxd2 Nxd2 10. Bxd2 dxc4 11. Bxc4 Qf6 12. O-O O-O 13. Bd3 h6 14. b4
Rfc8 15. Bh7+ Kh8 16. Be4 Rab8 17. Bc3 Ne7 18. f4 Nd5 19. Bd2 b6 20. f5 c5 21.
fxe6 Qxe6 22. Bf5 Nxe3 23. Bxe6 Nxc2 24. Bxd7 Nxa1 25. Rxa1 Rd8 26. Bf4 Rb7 27.
Bc6 Re7 28. dxc5 Rd4 29. Bd6 Re2 30. Bf3 Rc2 31. Bb8 a5 32. Be5 Rdc4 33. cxb6
f6 34. b7 1-0

[Event "XI Open Amateur de Calvia"]
[Site "Calvia - Mallorca"]
[Date "2014.10.04"]
[Round "1"]
[Board "6"]
[White "Arias Castanedo, Jacinto"]
[Black "Sokalsky, Alexander"]
[Result "0-1"]
[WhiteElo "1863"]
[BlackElo "2238"]
[PlyCount "78"]
[EventDate "2014.10.04"]
[EventRounds "9"]
[EventCountry "ESP"]

1. d4 Nf6 2. Nf3 e6 3. c4 Bb4+ 4. Bd2 a5 5. e3 O-O 6. a3 Be7 7. Nc3 d5 8. Rc1
c6 9. c5 Ne4 10. Nxe4 dxe4 11. Ne5 Nd7 12. Nxd7 Bxd7 13. Be2 f5 14. b4 axb4 15.
axb4 Rf6 16. O-O Rh6 17. f3 Qc7 18. g3 exf3 19. Bxf3 Bf6 20. Qb3 Rg6 21. Kg2
Kh8 22. Ra1 Rg8 23. Be2 Bg5 24. Bc4 Rf6 25. Ra7 Rgf8 26. Qa2 Bc8 27. Qa5 Qd7
28. b5 Qe8 29. Be2 e5 30. bxc6 bxc6 31. Bf3 e4 32. Be2 Be6 33. Rb1 Bd5 34. Kg1
h5 35. Rbb7 Bh6 36. h4 f4 37. gxf4 Qg6+ 38. Kh2 Rxf4 39. exf4 e3 0-1

[Event "XI Open Amateur de Calvia"]
[Site "Calvia - Mallorca"]
[Date "2014.10.04"]
[Round "1"]
[Board "7"]
[White "Spence, David J"]
[Black "Oliver Font, Jose Luis"]
[Result "1-0"]
[WhiteElo "2222"]
[BlackElo "1857"]
[PlyCount "61"]
[EventDate "2014.10.04"]
[EventRounds "9"]
[EventCountry "ESP"]

1. e4 e6 2. d4 d5 3. Nc3 Nf6 4. e5 Nfd7 5. f4 c5 6. Nf3 Nc6 7. Be3 a6 8. Qd2 b5
9. a3 Qa5 10. dxc5 b4 11. Ne2 bxa3 12. Rxa3 Qxd2+ 13. Nxd2 Rb8 14. Nb3 Nb4 15.
Kd2 f6 16. c3 Nc6 17. Ned4 Nd8 18. Nf3 fxe5 19. Nxe5 Nxe5 20. fxe5 Nc6 21. Bd4
Bb7 22. Kc2 Ra8 23. Be2 g6 24. Na5 Nxa5 25. Rxa5 Be7 26. Rha1 Bd8 27. R5a4 a5
28. Bb5+ Kf7 29. b4 Ba6 30. Bxa6 Rxa6 31. b5 1-0

[Event "XI Open Amateur de Calvia"]
[Site "Calvia - Mallorca"]
[Date "2014.10.04"]
[Round "1"]
[Board "10"]
[White "Wilson, Matthew R"]
[Black "Hoyer, Jacob"]
[Result "1-0"]
[WhiteElo "1825"]
[BlackElo "2193"]
[PlyCount "49"]
[EventDate "2014.10.04"]
[EventRounds "9"]
[EventCountry "ESP"]

1. e4 c5 2. Nc3 Nc6 3. f4 g6 4. Nf3 Bg7 5. Bb5 Nd4 6. O-O e6 7. a4 Ne7 8. d3
O-O 9. Nxd4 cxd4 10. Ne2 d5 11. a5 a6 12. Ba4 Qxa5 13. Bd2 Qb6 14. Ng3 dxe4 15.
Nxe4 Nd5 16. Qe1 Qc7 17. Qh4 b5 18. Bxb5 axb5 19. Rxa8 Qxc2 20. Rc1 Qxd3 21.
Rcxc8 Qb1+ 22. Kf2 Ne3 23. Nf6+ Bxf6 24. Rxf8+ Kg7 25. Rg8# 1-0

[Event "XI Open Amateur de Calvia"]
[Site "Calvia - Mallorca"]
[Date "2014.10.04"]
[Round "1"]
[Board "12"]
[White "Molet, Asher"]
[Black "Lalic, Peter D"]
[Result "0-1"]
[WhiteElo "1783"]
[BlackElo "2161"]
[PlyCount "48"]
[EventDate "2014.10.04"]
[EventRounds "9"]
[EventCountry "ESP"]

1. d4 e6 2. Nf3 c5 3. c3 Nf6 4. Nbd2 cxd4 5. cxd4 d5 6. e3 Nc6 7. Bd3 Bd6 8.
O-O O-O 9. b3 Be7 10. Bb2 Nb4 11. Qe2 Nxd3 12. Qxd3 Qa5 13. a4 Bd7 14. Rfc1
Rfc8 15. Nf1 a6 16. Ne5 Bf8 17. Qd1 b5 18. Nd3 bxa4 19. bxa4 Bd6 20. Qd2 Qxd2
21. Nxd2 Rxc1+ 22. Bxc1 Rc8 23. Ra2 Ne4 24. Nb3 Rc3 0-1

[Event "XI Open Amateur de Calvia"]
[Site "Calvia - Mallorca"]
[Date "2014.10.04"]
[Round "1"]
[Board "13"]
[White "Lorenz, Joerg"]
[Black "Nicholson, John"]
[Result "1-0"]
[WhiteElo "2157"]
[BlackElo "1781"]
[PlyCount "43"]
[EventDate "2014.10.04"]
[EventRounds "9"]
[EventCountry "ESP"]

1. e4 e6 2. d4 d5 3. e5 c5 4. c3 Nc6 5. Nf3 Nge7 6. Na3 Ng6 7. Nc2 f6 8. exf6
gxf6 9. Be3 c4 10. h4 Bd6 11. h5 Nge7 12. Nh4 e5 13. dxe5 fxe5 14. Qd2 Be6 15.
Rd1 b5 16. g3 O-O 17. Bh6 Rf7 18. Qg5+ Kh8 19. Ng6+ hxg6 20. hxg6 Rf5 21. Bf8+
Kg8 22. Qh6 1-0

[Event "XI Open Amateur de Calvia"]
[Site "Calvia - Mallorca"]
[Date "2014.10.04"]
[Round "1"]
[Board "15"]
[White "Hoenick, Andreas"]
[Black "Abrines Sampol, Llorenç"]
[Result "1-0"]
[WhiteElo "2141"]
[BlackElo "1756"]
[PlyCount "75"]
[EventDate "2014.10.04"]
[EventRounds "9"]
[EventCountry "ESP"]

1. d4 Nf6 2. c4 e5 3. dxe5 Ng4 4. Bf4 g5 5. Bg3 Nc6 6. Nf3 Bb4+ 7. Nbd2 Qe7 8.
a3 Ngxe5 9. Nxe5 Nxe5 10. e3 Bd6 11. Be2 Ng6 12. Bxd6 Qxd6 13. Qc2 O-O 14.
O-O-O Qe7 15. Nf3 d6 16. h4 gxh4 17. Rd4 h3 18. gxh3 f5 19. h4 c5 20. Rdd1 Qf6
21. Qd2 Rd8 22. h5 Ne5 23. Rhg1+ Kh8 24. Ng5 h6 25. Nh3 Be6 26. Qc3 d5 27. Rg6
d4 28. Rxf6 dxc3 29. Rxd8+ Rxd8 30. Rxe6 cxb2+ 31. Kxb2 Ng4 32. Bxg4 fxg4 33.
Rxh6+ Kg7 34. Rg6+ Kf8 35. Rxg4 Rd2+ 36. Kc3 Ra2 37. Kb3 Ra1 38. Nf4 1-0

[Event "XI Open Amateur de Calvia"]
[Site "Calvia - Mallorca"]
[Date "2014.10.04"]
[Round "1"]
[Board "16"]
[White "Orcera Gomez, Francisco"]
[Black "Stark, Ingo"]
[Result "0-1"]
[WhiteElo "1745"]
[BlackElo "2128"]
[PlyCount "54"]
[EventDate "2014.10.04"]
[EventRounds "9"]
[EventCountry "ESP"]

1. d4 b5 2. Nf3 Bb7 3. Bf4 e6 4. e3 a6 5. Bd3 Nf6 6. h3 c5 7. c3 Qb6 8. Nbd2
Nc6 9. O-O d6 10. Rc1 Be7 11. Re1 O-O 12. Nh2 Rfe8 13. Ng4 Nxg4 14. Qxg4 Bf8
15. Ne4 f5 16. Nf6+ Kh8 17. Qh4 gxf6 18. Qxf6+ Bg7 19. Qh4 Ne7 20. g4 Ng6 21.
Qh5 Nxf4 22. exf4 Qc6 23. Kf1 Qg2+ 24. Ke2 Qf3+ 25. Kd2 Be4 26. Be2 Qxf4+ 27.
Kd1 Bh6 0-1

[Event "XI Open Amateur de Calvia"]
[Site "Calvia - Mallorca"]
[Date "2014.10.05"]
[Round "2"]
[Board "1"]
[White "Svensson, Mikael"]
[Black "Sorm, Daniel"]
[Result "0-1"]
[WhiteElo "2021"]
[BlackElo "2315"]
[PlyCount "72"]
[EventDate "2014.10.04"]
[EventRounds "9"]
[EventCountry "ESP"]

1. e4 c5 2. Nc3 Nc6 3. f4 e6 4. Nf3 Nge7 5. d4 cxd4 6. Nxd4 Nxd4 7. Qxd4 Nc6 8.
Qf2 d5 9. Be3 Bb4 10. exd5 exd5 11. Be2 O-O 12. Rd1 Qa5 13. Kf1 Bxc3 14. bxc3
Bf5 15. Bd3 Bxd3+ 16. Rxd3 Qxa2 17. g4 Qc4 18. h4 a5 19. h5 a4 20. Qh4 f6 21.
h6 g6 22. Kf2 f5 23. Rhd1 a3 24. Qh1 a2 25. Ra1 Rad8 26. Qd1 fxg4 27. Qxg4 Rf5
28. Qh4 Rdf8 29. Kg3 Kh8 30. Qh1 Re8 31. Qg1 Kg8 32. Qf2 Ref8 33. Qd2 Qe4 34.
Qg2 Qe6 35. Bd4 Rxf4 36. Qh3 Rf3+ 0-1

[Event "XI Open Amateur de Calvia"]
[Site "Calvia - Mallorca"]
[Date "2014.10.05"]
[Round "2"]
[Board "2"]
[White "Navarrete Terrasa, Sebastian"]
[Black "Longa Yauca, Javier"]
[Result "0-1"]
[WhiteElo "2019"]
[BlackElo "2277"]
[PlyCount "90"]
[EventDate "2014.10.04"]
[EventRounds "9"]
[EventCountry "ESP"]

1. d4 Nf6 2. c4 e6 3. Nc3 d5 4. cxd5 exd5 5. Bg5 Be7 6. Qc2 c6 7. e3 Be6 8. Bd3
Nbd7 9. Nge2 Nh5 10. Bxe7 Qxe7 11. O-O g6 12. f3 O-O 13. Rad1 Nb6 14. e4 Rfd8
15. Kh1 a5 16. e5 Ng7 17. f4 Bf5 18. Rf3 h5 19. Bxf5 Nxf5 20. Ng3 Nh4 21. Rff1
Rf8 22. f5 Qg5 23. Rd3 Kh8 24. Qf2 Kg7 25. f6+ Kh7 26. Nd1 a4 27. b3 axb3 28.
Rxb3 Ra6 29. Ne3 Rfa8 30. a3 Rxa3 31. Rxb6 Qxe3 32. Rxb7 Qxf2 33. Rxf2 Ra1+ 34.
Nf1 Kg8 35. Rc7 Rc1 36. g3 Nf5 37. Rf4 Rc4 38. g4 hxg4 39. Rxg4 Ra1 40. Rc8+
Kh7 41. e6 Rxf1+ 42. Rg1 Rcc1 43. Rxf1 Rxf1+ 44. Kg2 Ne3+ 45. Kh3 fxe6 0-1

[Event "XI Open Amateur de Calvia"]
[Site "Calvia - Mallorca"]
[Date "2014.10.05"]
[Round "2"]
[Board "3"]
[White "Galiana Salom, Juan Ramon"]
[Black "Berendsen, Markus"]
[Result "1-0"]
[WhiteElo "2263"]
[BlackElo "2017"]
[PlyCount "71"]
[EventDate "2014.10.04"]
[EventRounds "9"]
[EventCountry "ESP"]

1. e4 c5 2. Nf3 e6 3. Nc3 a6 4. d4 cxd4 5. Nxd4 Qc7 6. Bd3 Nf6 7. f4 d6 8. Qf3
Nbd7 9. Bd2 Be7 10. Nb3 b6 11. O-O Bb7 12. Rae1 e5 13. Nd5 Bxd5 14. exd5 O-O
15. Kh1 Rfe8 16. Bc3 Bf8 17. fxe5 dxe5 18. Be4 Bd6 19. Qh3 Nf8 20. Nd2 Ng6 21.
Rf5 Qd7 22. g4 Nf4 23. Rxf4 exf4 24. Bxf6 h6 25. Bc3 f6 26. Qh5 Be5 27. Qg6
Bxc3 28. bxc3 Re5 29. Nf3 Rae8 30. Nxe5 Rxe5 31. Rd1 Qd6 32. Bf5 Kf8 33. c4 b5
34. c5 Qxc5 35. Be6 Qc7 36. Qh7 1-0

[Event "XI Open Amateur de Calvia"]
[Site "Calvia - Mallorca"]
[Date "2014.10.05"]
[Round "2"]
[Board "4"]
[White "Gaitan Moyano, Juan"]
[Black "Gromovs, Sergejs"]
[Result "0-1"]
[WhiteElo "2015"]
[BlackElo "2243"]
[PlyCount "100"]
[EventDate "2014.10.04"]
[EventRounds "9"]
[EventCountry "ESP"]

1. e4 d6 2. d4 Nf6 3. Nc3 g6 4. Be3 c6 5. Nf3 b5 6. a3 Nbd7 7. Bd3 a6 8. h3 Nb6
9. O-O Bg7 10. Qe2 O-O 11. Rad1 Qc7 12. Rfe1 a5 13. Qd2 Nc4 14. Bxc4 bxc4 15.
Bh6 Rb8 16. Bxg7 Kxg7 17. Rb1 Rb7 18. d5 cxd5 19. Nxd5 Qc5 20. Nxf6 exf6 21. c3
Re8 22. Nd4 Rbe7 23. f3 f5 24. exf5 Bxf5 25. Rxe7 Rxe7 26. Re1 Re5 27. Kh1 Bd3
28. Qf2 h6 29. f4 Re4 30. Rxe4 Bxe4 31. Qe3 Qd5 32. Qd2 g5 33. fxg5 hxg5 34.
Qe2 Kg6 35. Kg1 Qb7 36. h4 d5 37. Qg4 Qxb2 38. Qxg5+ Kh7 39. Nf5 Qb1+ 40. Kh2
Bxf5 41. Qh5+ Kg7 42. Qg5+ Bg6 43. Qe5+ f6 44. Qxd5 Qe4 45. Qxa5 Qxh4+ 46. Kg1
Qe1+ 47. Kh2 Qe5+ 48. Qxe5 fxe5 49. Kg3 Kf6 50. Kf3 Ke6 0-1

[Event "XI Open Amateur de Calvia"]
[Site "Calvia - Mallorca"]
[Date "2014.10.05"]
[Round "2"]
[Board "5"]
[White "Sokalsky, Alexander"]
[Black "Khouri, Ahmed Abbas"]
[Result "1/2-1/2"]
[WhiteElo "2238"]
[BlackElo "2008"]
[PlyCount "66"]
[EventDate "2014.10.04"]
[EventRounds "9"]
[EventCountry "ESP"]

1. Nf3 Nf6 2. d4 g6 3. g3 Bg7 4. Bg2 d5 5. O-O O-O 6. c4 dxc4 7. Na3 c3 8. bxc3
c6 9. Nc4 Bf5 10. Ba3 Qc7 11. Qc1 Re8 12. Nce5 Nbd7 13. Nxd7 Nxd7 14. Nh4 Bg4
15. Qc2 e5 16. e3 Nb6 17. h3 Be6 18. Nf3 Nc4 19. Qc1 Qa5 20. Bb4 Qa4 21. dxe5
Nxe5 22. Nxe5 Bxe5 23. Bc5 Red8 24. Bd4 Bg7 25. Qb2 Rd7 26. Bxg7 Kxg7 27. Qb4
Qc2 28. Rfc1 Qe2 29. Re1 Qh5 30. g4 Qh4 31. Qf4 Rd2 32. Red1 Rad8 33. Rxd2 Rxd2
{Indescifrable. Tablas en la jugada 64} 1/2-1/2

[Event "XI Open Amateur de Calvia"]
[Site "Calvia - Mallorca"]
[Date "2014.10.05"]
[Round "2"]
[Board "6"]
[White "Juan Mas, Santiago"]
[Black "Spence, David J"]
[Result "0-1"]
[WhiteElo "2007"]
[BlackElo "2222"]
[PlyCount "52"]
[EventDate "2014.10.04"]
[EventRounds "9"]
[EventCountry "ESP"]

1. e4 e6 2. Nc3 d5 3. g3 Nf6 4. Bg2 Be7 5. Qe2 c5 6. d3 Nc6 7. Nf3 b6 8. O-O
Ba6 9. exd5 exd5 10. Bd2 O-O 11. Rae1 Re8 12. Ng5 Nd4 13. Qd1 b5 14. Be3 h6 15.
Nh3 Ne6 16. Bc1 b4 17. Ne2 Qa5 18. Nef4 Nc7 19. Nh5 Nxh5 20. Qxh5 c4 21. Re5
Bf6 22. Rxd5 Nxd5 23. Bxd5 Qc7 24. Bf4 Qd7 25. dxc4 Bb7 26. Bxh6 Re5 0-1

[Event "XI Open Amateur de Calvia"]
[Site "Calvia - Mallorca"]
[Date "2014.10.05"]
[Round "2"]
[Board "9"]
[White "Lalic, Peter D"]
[Black "Zayed, Ali Al-Hamed"]
[Result "1/2-1/2"]
[WhiteElo "2161"]
[BlackElo "1984"]
[PlyCount "37"]
[EventDate "2014.10.04"]
[EventRounds "9"]
[EventCountry "ESP"]

1. e3 Nf6 2. b3 e5 3. Bb2 Nc6 4. Bb5 Bd6 5. Ne2 a6 6. Bxc6 dxc6 7. d3 Ng4 8.
Nd2 f5 9. Ng3 O-O 10. Qe2 b5 11. O-O-O a5 12. e4 Bc5 13. Rdf1 Bd4 14. Nxf5 Bxf5
15. exf5 Bxb2+ 16. Kxb2 Qd4+ 17. c3 Qf4 18. Ne4 Qxf5 19. h3 1/2-1/2

[Event "XI Open Amateur de Calvia"]
[Site "Calvia - Mallorca"]
[Date "2014.10.05"]
[Round "2"]
[Board "10"]
[White "Jouanneaud, Jean Daniel"]
[Black "Lorenz, Joerg"]
[Result "1/2-1/2"]
[WhiteElo "1960"]
[BlackElo "2157"]
[PlyCount "30"]
[EventDate "2014.10.04"]
[EventRounds "9"]
[EventCountry "ESP"]

1. e4 e6 2. d4 d5 3. exd5 exd5 4. Qf3 c6 5. Bd3 Bd6 6. Ne2 Qf6 7. Qxf6 Nxf6 8.
Bf4 Bxf4 9. Nxf4 O-O 10. O-O Re8 11. f3 Nbd7 12. Nd2 Nf8 13. Rae1 Bd7 14. Kf2
Ng6 15. Nxg6 hxg6 1/2-1/2

[Event "XI Open Amateur de Calvia"]
[Site "Calvia - Mallorca"]
[Date "2014.10.05"]
[Round "2"]
[Board "11"]
[White "Tscharotschkin, Michael"]
[Black "Ruprich, Udo"]
[Result "1/2-1/2"]
[WhiteElo "2144"]
[BlackElo "1960"]
[PlyCount "108"]
[EventDate "2014.10.04"]
[EventRounds "9"]
[EventCountry "ESP"]

1. Nf3 c5 2. e4 Nc6 3. c3 e6 4. d4 d5 5. exd5 exd5 6. Bb5 a6 7. Bxc6+ bxc6 8.
O-O Bd6 9. Be3 c4 10. b3 cxb3 11. axb3 Ne7 12. b4 Bg4 13. h3 Bh5 14. Nbd2 O-O
15. Qe2 a5 16. bxa5 Rxa5 17. g4 Bg6 18. Ne5 f6 19. Nd3 Qc7 20. Nb3 Rxa1 21.
Rxa1 f5 22. Nbc5 Bf7 23. Na6 Qc8 24. Bf4 Bxf4 25. Nxf4 Ng6 26. Nxg6 Bxg6 27.
Nc5 Re8 28. Qa6 fxg4 29. Qxc8 Rxc8 30. hxg4 h5 31. gxh5 Bxh5 32. Ra7 Bg4 33.
Kh2 Bf5 34. Kg3 Rf8 35. Nd7 Bxd7 36. Rxd7 Rf6 37. f4 Kh7 38. Kg4 Kg6 39. Rc7
Kh6 40. Re7 Kg6 41. Ra7 Kh6 42. Ra1 Kg6 43. Rf1 Kf7 44. f5 g6 45. fxg6+ Kxg6
46. Rxf6+ Kxf6 47. Kf4 Ke6 48. Kg5 Kd6 49. Kf5 c5 50. Kf6 cxd4 51. cxd4 Kc6 52.
Ke5 Kc7 53. Kxd5 Kd7 54. Kc5 Kc7 1/2-1/2

[Event "XI Open Amateur de Calvia"]
[Site "Calvia - Mallorca"]
[Date "2014.10.05"]
[Round "2"]
[Board "12"]
[White "Alfven, Jorgen"]
[Black "Hoenick, Andreas"]
[Result "1-0"]
[WhiteElo "1929"]
[BlackElo "2141"]
[PlyCount "67"]
[EventDate "2014.10.04"]
[EventRounds "9"]
[EventCountry "ESP"]

1. d4 Nf6 2. c4 g6 3. Nc3 d5 4. cxd5 Nxd5 5. e4 Nxc3 6. bxc3 Bg7 7. Bc4 O-O 8.
Be3 c5 9. Ne2 Qc7 10. Rc1 Nc6 11. O-O Rd8 12. Bd3 b6 13. Qd2 Bb7 14. f4 e6 15.
Kh1 f5 16. e5 Ne7 17. Ng1 Nd5 18. Nf3 Qc6 19. Qe2 Rac8 20. Bd2 c4 21. Bb1 b5
22. h3 a5 23. Kh2 b4 24. g4 bxc3 25. Bxc3 Nxf4 26. Qd2 fxg4 27. hxg4 Rf8 28.
Ng5 Nd3 29. Bxd3 cxd3 30. Rxf8+ Rxf8 31. Bb4 Rf2+ 32. Qxf2 Qxc1 33. Qf7+ Kh8
34. Qe8+ 1-0

[Event "XI Open Amateur de Calvia"]
[Site "Calvia - Mallorca"]
[Date "2014.10.05"]
[Round "2"]
[Board "13"]
[White "Stark, Ingo"]
[Black "Moreno Mateos, Jose Luis"]
[Result "1-0"]
[WhiteElo "2128"]
[BlackElo "1921"]
[PlyCount "47"]
[EventDate "2014.10.04"]
[EventRounds "9"]
[EventCountry "ESP"]

1. e4 c6 2. Nc3 d5 3. Nf3 Bg4 4. h3 Bh5 5. exd5 cxd5 6. Bb5+ Nc6 7. g4 Bg6 8.
Ne5 Rc8 9. d4 e6 10. Qe2 Bb4 11. h4 Nge7 12. h5 Be4 13. O-O O-O 14. Nxc6 Nxc6
15. Bxc6 Rxc6 16. f3 Bxc3 17. bxc3 Rxc3 18. Bd2 Rxc2 19. fxe4 dxe4 20. Qe3 Qh4
21. Rf4 Rxd2 22. Qxd2 Qg3+ 23. Kh1 f5 24. Rg1 1-0

[Event "XI Open Amateur de Calvia"]
[Site "Calvia - Mallorca"]
[Date "2014.10.05"]
[Round "2"]
[Board "20"]
[White "Sokalskaja, Elena"]
[Black "Hardwick, A William"]
[Result "1-0"]
[WhiteElo "2032"]
[BlackElo "1451"]
[PlyCount "57"]
[EventDate "2014.10.04"]
[EventRounds "9"]
[EventCountry "ESP"]

1. d4 Nf6 2. Nf3 d5 3. g3 e6 4. Bg2 Bd6 5. c4 c6 6. O-O O-O 7. b3 Nbd7 8. Bb2
Re8 9. e3 b6 10. Nbd2 Qc7 11. Rc1 e5 12. cxd5 Nxd5 13. dxe5 Nxe5 14. Nxe5 Bxe5
15. Bxe5 Qxe5 16. Rxc6 Bb7 17. Nc4 Qg5 18. Qxd5 Qxd5 19. Bxd5 Rad8 20. e4 Bxc6
21. Bxc6 Re6 22. Bd5 Rg6 23. Ne5 Rf6 24. Rc1 h6 25. Rc7 Re8 26. Bxf7+ Rxf7 27.
Nxf7 Rxe4 28. Rxa7 Re6 29. Nd8 1-0

[Event "XI Open Amateur de Calvia"]
[Site "Calvia - Mallorca"]
[Date "2014.10.05"]
[Round "2"]
[Board "21"]
[White "Al-Zaabi, Sultan"]
[Black "Schuermans, Robert"]
[Result "1/2-1/2"]
[WhiteElo "1690"]
[BlackElo "2085"]
[PlyCount "56"]
[EventDate "2014.10.04"]
[EventRounds "9"]
[EventCountry "ESP"]

1. d4 Nf6 2. c4 c5 3. d5 e6 4. Nc3 exd5 5. cxd5 d6 6. e4 g6 7. f4 Bg7 8. Bb5+
Nfd7 9. Nf3 O-O 10. O-O a6 11. Bd3 b5 12. Kh1 Nb6 13. f5 N8d7 14. Bg5 f6 15.
Be3 Qe8 16. Qd2 Ra7 17. Ne2 g5 18. Ng3 Ne5 19. Nxe5 Qxe5 20. b4 Na4 21. Bc2 Nb2
22. bxc5 Nc4 23. Qf2 Nxe3 24. Qxe3 dxc5 25. Qxc5 Rc7 26. Qf2 Bd7 27. Bb3 Kh8
28. Rfd1 Rfc8 1/2-1/2

[Event "XI Open Amateur de Calvia"]
[Site "Calvia - Mallorca"]
[Date "2014.10.05"]
[Round "2"]
[Board "22"]
[White "Veras Sanz, Jose Antonio"]
[Black "Pena Torres, Jose Carlos"]
[Result "0-1"]
[WhiteElo "1667"]
[BlackElo "2043"]
[PlyCount "70"]
[EventDate "2014.10.04"]
[EventRounds "9"]
[EventCountry "ESP"]

1. e4 c5 2. Nc3 Nc6 3. g3 a6 4. Bg2 b5 5. d3 b4 6. Nce2 g6 7. f4 Bg7 8. Nf3 e6
9. O-O Nge7 10. Rb1 O-O 11. Be3 d6 12. d4 cxd4 13. Nfxd4 Bb7 14. Nxc6 Bxc6 15.
Bd4 e5 16. fxe5 dxe5 17. Bc5 Qb8 18. Bxe7 Qa7+ 19. Kh1 Qxe7 20. Qe1 Qb7 21. Nc1
a5 22. Nb3 a4 23. Nc5 Qb6 24. Qf2 Rac8 25. Nd3 Qb7 26. Nc5 Qe7 27. Rfe1 f5 28.
Qg1 Bb5 29. Nxa4 Bxa4 30. exf5 Bxc2 31. f6 Qxf6 32. Bd5+ Kh8 33. Rbc1 Qf2 34.
Qxf2 Rxf2 35. Kg1 Rcf8 0-1

[Event "XI Open Amateur de Calvia"]
[Site "Calvia - Mallorca"]
[Date "2014.10.05"]
[Round "2"]
[Board "25"]
[White "Nesse, David"]
[Black "Schweighofer, Josef"]
[Result "0-1"]
[WhiteElo "1450"]
[BlackElo "1897"]
[PlyCount "52"]
[EventDate "2014.10.04"]
[EventRounds "9"]
[EventCountry "ESP"]

1. e4 c5 2. Nc3 g6 3. f4 Bg7 4. Nf3 Nc6 5. Bb5 e6 6. Bxc6 bxc6 7. O-O Ne7 8.
Na4 O-O 9. Nxc5 Qb6 10. d4 d6 11. Nb3 a5 12. c3 Bb7 13. Qe1 Ba6 14. Rf2 a4 15.
Nbd2 c5 16. e5 d5 17. b3 cxd4 18. Nxd4 Rfc8 19. Bb2 Bf8 20. Rf3 Nf5 21. Kh1 a3
22. Bc1 Nxd4 23. cxd4 Qxd4 24. Rb1 Bd3 25. Bxa3 Rxa3 26. Rd1 Bc2 0-1

[Event "XI Open Amateur de Calvia"]
[Site "Calvia - Mallorca"]
[Date "2014.10.05"]
[Round "2"]
[Board "28"]
[White "Garcia Del Rey, Senen"]
[Black "Al Hosani, Omran"]
[Result "1-0"]
[WhiteElo "2298"]
[BlackElo "1711"]
[PlyCount "51"]
[EventDate "2014.10.04"]
[EventRounds "9"]
[EventCountry "ESP"]

1. c4 c5 2. g3 Nc6 3. Bg2 g6 4. Nc3 Bg7 5. a3 e6 6. Rb1 Nge7 7. b4 cxb4 8. axb4
Ne5 9. Qb3 Nf5 10. f4 Nc6 11. e3 a5 12. b5 Nb4 13. Ba3 Nd3+ 14. Ke2 Nb4 15.
Bxb4 axb4 16. Qxb4 Qe7 17. Qxe7+ Kxe7 18. Kd3 Bxc3 19. Kxc3 Ra2 20. Rb2 Rxb2
21. Kxb2 Rd8 22. e4 Nd6 23. Kc3 f5 24. e5 Ne4+ 25. Bxe4 fxe4 26. Nh3 1-0

[Event "XI Open Amateur de Calvia"]
[Site "Calvia - Mallorca"]
[Date "2014.10.05"]
[Round "2"]
[Board "30"]
[White "Dugailliez, Guy"]
[Black "Garcia Comendador, Simon"]
[Result "1-0"]
[WhiteElo "1958"]
[BlackElo "1692"]
[PlyCount "53"]
[EventDate "2014.10.04"]
[EventRounds "9"]
[EventCountry "ESP"]

1. e4 e5 2. Nf3 Nc6 3. d4 exd4 4. Nxd4 d5 5. Bb5 Nge7 6. Nc3 Be6 7. Bg5 Qd6 8.
Qd2 O-O-O 9. Nxc6 bxc6 10. Bf4 Qb4 11. Ba6+ Kb8 12. Bxc7+ Kxc7 13. Nb5+ Qxb5
14. Bxb5 cxb5 15. Qa5+ Kc8 16. O-O-O g6 17. Rd3 Bh6+ 18. Kb1 Kb8 19. Rhd1 Bg7
20. Rb3 Ka8 21. exd5 Nxd5 22. Rbd3 Bf6 23. Qa6 Nb6 24. Qxb5 Rxd3 25. Rxd3 Kb8
26. Qb4 Ka8 27. Qe4+ 1-0